[Event "Paris GCT Rapid"]
[Site "Paris"]
[Date "2017.06.23"]
[Round "9"]
[White "Grischuk, Alexander"]
[Black "Mamedyarov, Shakhriyar"]
[Result "1-0"]
[WhiteElo "2761"]
[BlackElo "2800"]
[Annotator "Yermolinsky,A"]
[PlyCount "87"]
[EventDate "2017.06.21"]
[EventType "tourn (rapid)"]
[EventRounds "9"]
[EventCountry "FRA"]
[EventCategory "22"]
[SourceTitle "CBM 179"]
[Source "ChessBase"]
[SourceDate "2017.07.12"]
[SourceVersion "1"]
[SourceVersionDate "2017.07.12"]
[SourceQuality "1"]

1. e4 e5 2. Nf3 Nc6 3. Bb5 a6 4. Ba4 Nf6 5. O-O Nxe4 6. d4 b5 7. Bb3 d5 8. dxe5
Be6 9. c3 Be7 10. Bf4 $5 {Nothing new under the sun. This is a 19th century
move!} O-O {A bit slow.} (10... Nc5 $1 11. Bc2 Bg4 12. h3 Bh5 13. Qe2 ({
A recent attempt to revive this line:} 13. g4 $5 Bg6 14. Bxg6 fxg6 15. Bg3 {
Chirila-Prohaszka, 2008}) 13... Ne6 14. Bh2 Bc5 15. Nbd2 Ne7 16. Rad1 Qc8 {
was Petrosian-Korchnoi, 1965}) 11. Nd4 {I already like White's position.} Na5
$2 ({Here it is:} 11... Nxd4 12. cxd4 f6 13. Nc3 fxe5 14. Bxe5 Nxc3 15. bxc3
$14 {Blackburne-Zukertort, 1887}) ({Best was} 11... Qd7 12. Bc2 Rad8 13. f3 Nc5
) 12. f3 Nxb3 {First deviation.} (12... Nc5 13. Bc2 Nd7 14. Nd2 c5 {
Alekhine-Euwe, Bad Nauheim 1937, and here} 15. Nxe6 fxe6 16. Bg3 g6 17. f4 {
was simple and strong.}) 13. axb3 Nc5 14. b4 Nd7 15. Nc6 $1 Qe8 16. Nd2 Bh4 17.
Bg3 Bxg3 18. hxg3 {White is just much better here, and the rest of the games
brought no suprises.} f6 19. Re1 fxe5 20. Nxe5 Nxe5 21. Rxe5 Qg6 22. Nb3 Bf7
23. g4 Rfe8 24. Rxe8+ Rxe8 25. Qd2 Re5 26. Nd4 h5 27. gxh5 Qxh5 28. Qf4 Re7 29.
Kf2 Bg6 30. Rxa6 $18 Qh1 31. Ne6 Re8 32. Qd4 Qh6 33. Nxc7 Re7 34. Nxd5 Rf7 35.
Ne3 Kh7 36. Ra7 Rxa7 37. Qxa7 Qh4+ 38. Ke2 Qh1 39. Qd4 Qc1 40. Qd2 Qb1 41. Kf2
Bd3 42. Kg3 Bg6 43. Qe2 Bd3 44. Qd1 1-0

[Event "Geneva FIDE GP"]
[Site "Geneva"]
[Date "2017.07.07"]
[Round "2"]
[White "Grischuk, Alexander"]
[Black "Rapport, Richard"]
[Result "1-0"]
[WhiteElo "2761"]
[BlackElo "2694"]
[Annotator "Yermolinsky,A"]
[PlyCount "125"]
[EventDate "2017.07.06"]
[EventType "swiss"]
[EventRounds "9"]
[EventCountry "SUI"]
[SourceTitle "CBM 180"]
[Source "ChessBase"]
[SourceDate "2017.09.13"]
[SourceVersion "1"]
[SourceVersionDate "2017.09.13"]
[SourceQuality "1"]

1. e4 e5 2. Nf3 Nc6 3. Bb5 a6 4. Ba4 Nf6 5. O-O Be7 6. Re1 b5 7. Bb3 d6 8. c3
O-O 9. h3 Na5 10. Bc2 c5 11. d4 Qc7 12. d5 Nc4 13. b3 Nb6 14. a4 Bd7 15. a5 Nc8
16. c4 b4 17. Nbd2 Bd8 18. Nf1 Kh8 19. Ra2 Qb8 20. Be3 Ne7 21. Ng3 Qc8 22. Nh4
Neg8 23. Rf1 Ne8 24. Nf3 Bf6 25. Nh2 Ne7 26. Nh5 Ng6 27. Bb1 Qd8 28. Qc1 Kg8
29. Kh1 Bh4 {Classic positional battles in the Closed Ruy Lopez often come to
a head when White finally pushes f2-f4.} 30. f4 {Right here, right now.} exf4
31. Nxf4 Ne5 32. Nd3 $1 Nxd3 33. Bxd3 Nf6 {Rapport is seeking activity -
perhaps a misdirected approach in such positions.} ({The thematic} 33... Bg3 {
keeps an eye on the key e5-square.} 34. Bf4 $1 (34. Bf2 Be5 35. Nf3 f6 {
is what Black has to be content with.}) 34... Bxf4 35. Qxf4 Qf6 36. Qg3 Qe5 37.
Qh4 {White is better here, no doubt about that.}) 34. Bf4 (34. Rf3 Nh5 35. g4
Nf6 36. Bf4 Ne8 37. e5 {would be more clinical.}) 34... Nh5 $1 35. Bxd6 Ng3+
36. Bxg3 Bxg3 37. Nf3 Qc7 38. Re2 f6 {It seems Black might succeed in holding
his dark-square blockade, but Grischuk's next move cuts to the chase.} 39. e5
$3 Bxe5 40. Qc2 h6 41. Bh7+ Kh8 42. Bf5 {Strategically speaking, the battle
has been decided, but White still has to be accurate putting the game away.}
Be8 43. Nxe5 fxe5 44. Rfe1 Qxa5 45. Rxe5 Qc7 46. Qd2 Qd6 47. Re6 Qg3 48. Rxh6+
Kg8 49. Bh7+ Kh8 50. Bf5+ Kg8 51. Bh7+ Kh8 52. Be4+ Kg8 53. d6 $1 Ra7 54. Re6
Raf7 55. Kg1 Rf2 56. Qd1 Bf7 57. Bd5 g6 58. R6e3 Qg5 59. Bf3 Ra2 60. d7 Rd8 61.
Re8+ Kg7 62. Rxd8 Qxd8 63. Qd6 {I don't know what makes this dated system of
defending the Ruy Lopez attractive to Richard, but games like this can make
anybody look bad. See Deep Blue-Kasparov (Game 2), 1997 or Anand-Carlsen,
Norway Chess 2015 among numerous examples. There's simply no way a player of
Grischuk's level would let Black get away with this.} 1-0

[Event "Jiayuguan m"]
[Site "Jiayuguan"]
[Date "2017.07.20"]
[Round "1"]
[White "Grischuk, Alexander"]
[Black "Yu, Yangyi"]
[Result "1/2-1/2"]
[WhiteElo "2761"]
[BlackElo "2753"]
[PlyCount "47"]
[EventDate "2017.07.20"]
[EventType "match"]
[EventRounds "4"]
[EventCountry "CHN"]
[SourceTitle "CBM 180"]
[Source "ChessBase"]
[SourceDate "2017.09.13"]
[SourceVersion "1"]
[SourceVersionDate "2017.09.13"]
[SourceQuality "1"]

1. e4 e5 2. Nf3 Nf6 3. Nxe5 d6 4. Nf3 Nxe4 5. d4 d5 6. Bd3 Nc6 7. O-O Be7 8.
Nbd2 Nd6 9. c3 Bf5 10. Be2 O-O 11. Qb3 Be6 12. Bd3 a5 13. Re1 Qd7 14. Nf1 Bf5
15. Bxf5 Nxf5 16. Bf4 b6 17. a4 Rad8 18. Re2 Nh4 19. Nxh4 Bxh4 20. Rae1 Ne7 21.
Nd2 Ng6 22. Bg3 Bxg3 23. hxg3 Rfe8 24. Rxe8+ 1/2-1/2

[Event "Jiayuguan m"]
[Site "Jiayuguan"]
[Date "2017.07.21"]
[Round "2"]
[White "Yu, Yangyi"]
[Black "Grischuk, Alexander"]
[Result "1/2-1/2"]
[WhiteElo "2753"]
[BlackElo "2761"]
[PlyCount "25"]
[EventDate "2017.07.20"]
[EventType "match"]
[EventRounds "4"]
[EventCountry "CHN"]
[SourceTitle "CBM 180"]
[Source "ChessBase"]
[SourceDate "2017.09.13"]
[SourceVersion "1"]
[SourceVersionDate "2017.09.13"]
[SourceQuality "1"]

1. d4 Nf6 2. c4 g6 3. g3 c6 4. Bg2 d5 5. Nf3 Bg7 6. O-O O-O 7. b3 dxc4 8. bxc4
c5 9. Bb2 cxd4 10. Nxd4 Nc6 11. e3 Bd7 12. Nxc6 Bxc6 13. Bxc6 1/2-1/2

[Event "Jiayuguan m"]
[Site "Jiayuguan"]
[Date "2017.07.23"]
[Round "3"]
[White "Grischuk, Alexander"]
[Black "Yu, Yangyi"]
[Result "1-0"]
[WhiteElo "2761"]
[BlackElo "2753"]
[PlyCount "111"]
[EventDate "2017.07.20"]
[EventType "match"]
[EventRounds "4"]
[EventCountry "CHN"]
[SourceTitle "CBM 180"]
[Source "ChessBase"]
[SourceDate "2017.09.13"]
[SourceVersion "1"]
[SourceVersionDate "2017.09.13"]
[SourceQuality "1"]

1. e4 e5 2. Nf3 Nf6 3. Nxe5 d6 4. Nf3 Nxe4 5. Nc3 Nxc3 6. dxc3 Be7 7. Be3 Nc6
8. Qd2 Be6 9. O-O-O Qd7 10. h4 h6 11. c4 Bf6 12. Nd4 Nxd4 13. Bxd4 Qe7 14. Qf4
Bxd4 15. Qxd4 Qf6 16. Qxf6 gxf6 17. g3 O-O 18. Bg2 Bxc4 19. Bxb7 Rab8 20. Bd5
Bxd5 21. Rxd5 Rfe8 22. Ra5 Rb7 23. b3 Re5 24. Ra6 Re2 25. Rf1 Kf8 26. Kd1 Re5
27. Re1 Ke7 28. Kd2 Ke6 29. Re3 f5 30. c4 c5 31. Rd3 Rd7 32. f4 Re4 33. Rd5 Ke7
34. Rxf5 Rd4+ 35. Ke2 Kf8 36. Kf3 Kg7 37. Kg4 Rd2 38. Rd5 Rg2 39. Rd3 Re2 40.
Kf3 Rde7 41. h5 Rh2 42. Kg4 Rd7 43. Raxd6 Rxd6 44. Rxd6 Rxa2 45. f5 f6 46. Rc6
Rb2 47. Rxc5 Rxb3 48. Rc7+ Kf8 49. Rxa7 Rc3 50. Rc7 Ke8 51. Kf4 Kd8 52. Rc6 Ke7
53. g4 Rc1 54. Ke3 Rg1 55. Re6+ Kd7 56. Kf3 1-0

[Event "Jiayuguan m"]
[Site "Jiayuguan"]
[Date "2017.07.24"]
[Round "4"]
[White "Yu, Yangyi"]
[Black "Grischuk, Alexander"]
[Result "0-1"]
[WhiteElo "2753"]
[BlackElo "2761"]
[PlyCount "72"]
[EventDate "2017.07.20"]
[EventType "match"]
[EventRounds "4"]
[EventCountry "CHN"]
[SourceTitle "CBM 180"]
[Source "ChessBase"]
[SourceDate "2017.09.13"]
[SourceVersion "1"]
[SourceVersionDate "2017.09.13"]
[SourceQuality "1"]

1. e4 e5 2. Nf3 Nc6 3. Bb5 Nf6 4. d3 Bc5 5. Bxc6 dxc6 6. Be3 Bd6 7. h3 Nd7 8.
Nbd2 O-O 9. Qe2 Re8 10. O-O-O Qe7 11. g4 Nc5 12. Kb1 Na4 13. Nc4 b5 14. Nxd6
cxd6 15. Qd2 c5 16. Nh4 b4 17. Nf5 Qe6 18. Qe2 d5 19. Bd2 d4 20. Rdf1 Rb8 21.
Ka1 Qa6 22. Qd1 Nc3 23. Bxc3 bxc3 24. b3 Rb5 25. Ng3 Ra5 26. Qb1 Ra3 27. f4
exf4 28. Rxf4 Be6 29. Ne2 Rb8 30. Nc1 Qb6 31. h4 a5 32. g5 a4 33. Rhf1 Qa7 34.
R1f2 g6 35. Rf6 axb3 36. cxb3 Bxb3 0-1

[Event "FIDE World Cup"]
[Site "Tbilisi"]
[Date "2017.09.03"]
[Round "1.1"]
[White "Grischuk, Alexander"]
[Black "El Gindy, Essam"]
[Result "1-0"]
[WhiteElo "2783"]
[BlackElo "2455"]
[PlyCount "93"]
[EventDate "2017.09.03"]
[EventType "k.o."]
[EventRounds "7"]
[EventCountry "GEO"]
[SourceTitle "CBM 181"]
[Source "ChessBase"]
[SourceDate "2017.11.10"]
[SourceVersion "1"]
[SourceVersionDate "2017.11.10"]
[SourceQuality "1"]

1. e4 e5 2. Bc4 Nf6 3. d3 c6 4. Nf3 d5 5. Bb3 Bd6 6. Nc3 d4 7. Ne2 O-O 8. O-O
c5 9. Ng3 Nc6 10. Nh4 g6 11. Bg5 Be7 12. Nf3 Kg7 13. h3 Ng8 14. Bd2 h6 15. c3
Bd6 16. Rc1 Bd7 17. cxd4 cxd4 18. a3 Qe7 19. Nh2 Rac8 20. Bc4 Rc7 21. Ne2 Be6
22. Bxe6 fxe6 23. Ng4 h5 24. Nh2 Qh4 25. Be1 Rcf7 26. Kh1 Qd8 27. Ng1 Nf6 28.
b4 a6 29. Bd2 Nh7 30. Qe2 Be7 31. Ngf3 Bd6 32. h4 Rc7 33. Ng5 Nxg5 34. Bxg5 Be7
35. Nf3 Qd6 36. g3 Bxg5 37. Nxg5 Rfc8 38. Qd2 Nd8 39. Rxc7+ Qxc7 40. b5 Qc2 41.
Qb4 Qc5 42. bxa6 Qxb4 43. axb4 bxa6 44. Ra1 Nc6 45. Ra4 Kf6 46. Rxa6 Nxb4 47.
Ra7 1-0

[Event "FIDE World Cup"]
[Site "Tbilisi"]
[Date "2017.09.04"]
[Round "1.2"]
[White "El Gindy, Essam"]
[Black "Grischuk, Alexander"]
[Result "0-1"]
[WhiteElo "2455"]
[BlackElo "2783"]
[Annotator "Krasenkow,M"]
[PlyCount "120"]
[EventDate "2017.09.03"]
[EventType "k.o."]
[EventRounds "7"]
[EventCountry "GEO"]
[SourceTitle "CBM 181"]
[Source "ChessBase"]
[SourceDate "2017.11.10"]
[SourceVersion "1"]
[SourceVersionDate "2017.11.10"]
[SourceQuality "1"]

1. d4 Nf6 2. c4 g6 3. Nc3 d5 4. Nf3 Bg7 5. h4 c6 {A quiet continuation, in
order to avoid complications.} 6. cxd5 cxd5 7. Bf4 Nc6 8. e3 O-O 9. Ne5 {
The most aggressive move in this position.} (9. Qb3 {is the main alternative.})
9... Nxe5 (9... Qb6 $5 10. Qb3 (10. Qd2 Ne4 $5 11. Nxe4 Bxe5 12. Nc3 Bxf4 13.
Nxd5 Bxe3 14. fxe3 Qd8 15. Nc3 Bg4 $13) 10... Qxb3 11. axb3 Nb4 12. Kd2 h5 13.
Nd3 Nc6 14. f3 Bf5 15. Ne5 Rfc8 16. Bb5 {1-0 (49) Morozevich,A (2748)-Giri,A 
(2720) Beijing 2012} Nxe5 17. dxe5 Ne8 $11) 10. Bxe5 Ne4 {The simplest way to
equality.} 11. Bxg7 Kxg7 (11... Nxc3 $5 {may be even more accurate:} 12. bxc3
Kxg7 13. Be2 (13. Bd3 $5 $11 {- game}) 13... Be6 14. Qb3 Qd7 15. O-O Rfc8 16.
Rfc1 Rc7 17. a4 Rac8 18. a5 h6 19. Qb2 Bf5 20. Ra3 h5 21. Rb3 e6 $11 {0-1 (62)
Ftacnik,L (2556)-Mista,A (2589) Germany 2016}) 12. Bd3 (12. Nxe4 {, doubling
Black's pawns is more logical but the position remains equal in any case:} dxe4
13. Bc4 e5 14. dxe5 Qa5+ 15. Qd2 Qxe5 16. h5 Bg4 17. Qd5 Qxd5 18. Bxd5 Bxh5 19.
Bxe4 Rac8 20. b3 Rc7 $11 {1/2 (45) Rychkov,S (2153)-Lahdenmaeki,L (1963)
Lechenicher SchachServer 2012}) 12... Nxc3 13. bxc3 {This backward pawn is a
drawback of White's position but it is not enough for Black to claim an
advantage.} h5 (13... Qa5 14. Qd2 Bd7 $6 15. Rb1 b5 16. h5 $36 {1-0 (39)
Andersen,M (2501)-Kriebel,T (2363) Al Ain 2013}) (13... Qd6 14. Qa4 (14. h5 e5
$5) 14... Bd7 15. Qb4 Qxb4 16. cxb4 a5 17. b5 b6 18. Kd2 Rac8 19. Rac1 {
1/2 (19) Fedorovsky,M (2472)-Heinemann,J (2227) Boeblingen 2016}) 14. Qb3 b6 (
14... Qd6 15. O-O Rb8 16. Rfc1 Bd7 17. Qb4 Qxb4 18. cxb4 Rfc8 $11 {1/2 (27)
Pert,N (2569)-Howell,D (2693) London 2015 CBM 170 [Sagar Shah/CB Website]}) 15.
O-O Bg4 16. f3 Be6 $11 17. Qb2 (17. Rfc1 {[%cal Yc3c4,Ya2a4] is the most
logical plan.}) 17... Rc8 18. Rac1 (18. Rfc1 $5 {[%cal Ya2a4]}) 18... Rc7 19.
e4 dxe4 20. fxe4 Bc4 21. Rcd1 e5 $1 22. Bxc4 Rxc4 23. Qb5 Qc7 24. Rd3 a6 $5 25.
Qd5 (25. Qxa6 exd4 26. cxd4 Rd8 27. Rb3 $11) 25... Re8 26. dxe5 Re7 27. Qd6
Rxe4 28. Qf6+ Kh7 29. Rdf3 $2 {[%mdl 8192] A blunder losing a pawn.} (29. Rd5 {
was still enough to keep the balance:} R4xe5 (29... Kg8 30. Rfd1 Re8 31. Rd7
Qc4 32. Rf1 $132) 30. Rxe5 Qxe5 31. Qxe5 Rxe5 32. Rxf7+ Kh6 33. Rf6 Rb5 34. a4
$11) 29... Qc5+ 30. Kh1 R4xe5 {, and Black gradually converted his advantage:}
31. Rd1 Qc7 32. Rdf1 Re1 33. Qd4 Rxf1+ 34. Rxf1 Re6 35. Qf4 Qxf4 36. Rxf4 Kg7
37. Kh2 Rc6 38. c4 Kf8 39. Kg3 Ke7 40. Rd4 Rd6 41. Re4+ Re6 42. Rd4 Re3+ 43.
Kf2 Ra3 44. Rd2 Rc3 45. Rb2 Rxc4 46. Rxb6 Rc2+ 47. Kf3 Rxa2 48. g3 Ra1 49. Kf2
a5 50. Ra6 a4 51. Ke3 a3 52. Kf2 Kd7 53. Kg2 Kc8 54. Ra7 Kb8 55. Ra4 Kb7 56.
Rb4+ Kc6 57. Rb3 Ra2+ 58. Kh3 f6 59. Rf3 Kb5 60. Rxf6 Rc2 0-1